| 000 | 00443nam a2200169Ia 4500 | ||
|---|---|---|---|
| 005 | 20250508154124.0 | ||
| 008 | 008 250505s9999 xx 000 0 eng d | ||
| 037 | _aReference | ||
| 040 |
_aFEDL _beng _cFEDL |
||
| 041 |
_aeng _2eng |
||
| 084 |
_a370.954, PIL _qFEDL |
||
| 100 | _aPillai P K | ||
| 245 | 0 | _aCurrent problems in Indian education | |
| 300 | _a562p. | ||
| 942 |
_cREF _h370.954, PIL |
||
| 999 |
_c1347820 _d1347820 |
||